Les quatre saisons dans le jardin : atlas illustré /

Hlavní autor: Vaněk, Vlastimil, 1918-1999
Další autoři: Severa, František, 1924-2005
Jazyk: Francouzština
Vydáno: Paris : Gründ, 1972
Vydání: 2 éd.
Fyzický popis: 231 s.
Knihy
Uloženo v:
LEADER 00709nam a2200205 a 4500
001 000636265
003 CZ BrMZK
005 20021125091653.0
007 ta
008 021114s1972 fr f fre d
040 |a BOA001  |b cze  |c BOA001 
100 1 |a Vaněk, Vlastimil,  |d 1918-1999  |7 jk01141544  |4 aut 
245 1 4 |a Les quatre saisons dans le jardin :  |b atlas illustré /  |c texte de Vlastimil Vaněk ; illustr. de František Severa 
250 |a 2 éd. 
260 |a Paris :  |b Gründ,  |c 1972 
300 |a 231 s. 
700 1 |a Severa, František,  |d 1924-2005  |7 jn20000703281  |4 ill 
910 |a BOA001  |b 1-0684.320 
990 |a BK 
996 7 |b 2619225543  |c 1-0684.320  |l MZK  |r Sklad / do 1 hodiny  |n 1  |w 000636265  |u 000010  |a 1  |e BOA001  |j MZK50  |s A